Catálogo - Centro de Recursos para el Aprendizaje y la Investigación

Volver al Sitio - CRAI Biblioteca

El palestino / (Registro nro. 114633)

Detalles MARC
000 -CABECERA
campo de control de longitud fija 01416nam a2200277 4500
001 - NÚMERO DE CONTROL
campo de control 114633
003 - IDENTIFICADOR DEL NÚMERO DE CONTROL
campo de control DR-UNIBE
005 - FECHA Y HORA DE LA ÚLTIMA TRANSACCIÓN
campo de control 20260511112631.0
008 - DATOS DE LONGITUD FIJA--INFORMACIÓN GENERAL
campo de control de longitud fija 260511b2010 sp ||||| |||| 00| 0 spa d
020 ## - NÚMERO INTERNACIONAL ESTÁNDAR DEL LIBRO
Número Internacional Estándar del Libro 848460859X
020 ## - NÚMERO INTERNACIONAL ESTÁNDAR DEL LIBRO
Número Internacional Estándar del Libro 9788484608592
040 ## - FUENTE DE LA CATALOGACIÓN
Centro catalogador/agencia de origen BIBLIOTECA UNIBE
Lengua de catalogación spa
Centro/agencia transcriptor BIBLIOTECA UNIBE
041 ## - CÓDIGO DE LENGUA
Código de lengua del texto/banda sonora o título independiente spa
082 ## - NÚMERO DE LA CLASIFICACIÓN DECIMAL DEWEY
Número de edición 22
Número de clasificación 303.625 S161p
100 10 - ENTRADA PRINCIPAL--NOMBRE DE PERSONA
Nombre de persona Salas, Antonio,
Fechas asociadas al nombre 1937-
Término indicativo de función/relación autor
9 (RLIN) 204760
245 13 - MENCIÓN DE TÍTULO
Título El palestino /
Mención de responsabilidad, etc. Antonio Salas
250 ## - MENCIÓN DE EDICIÓN
Mención de edición Primera edición
260 ## - PUBLICACIÓN, DISTRIBUCIÓN, ETC.
Lugar de publicación, distribución, etc. Madrid :
Nombre del editor, distribuidor, etc. Temas de Hoy/Ediciones Planeta Madrid, S. A.,
Fecha de publicación, distribución, etc. 2010
300 ## - DESCRIPCIÓN FÍSICA
Extensión 670 páginas, [48] páginas de láminas :
Otras características físicas ilustraciones (principalmente en color) ;
Dimensiones 24 cm
490 ## - MENCIÓN DE SERIE
Mención de serie En primera persona (Ediciones Temas de Hoy)
520 3# - SUMARIO, ETC.
Sumario, etc. "Después de séis años bajo la identidad ficticia de Muhammad Abdallah en diversas organizaciones terroristas, ve la luz 'El Palestino, ' una crónica sorprendente en la que el conocido periodista de investigación Antonio Salas nos relata este tiempo viviendo al límite, para tratar de desvelar a sus lectores qué hay de verdadero o falso en las aterradoras noticas que nos golpean día a día sobre la escalada de violencia en el mundo."--Publisher's description
650 #7 - PUNTO DE ACCESO ADICIONAL DE MATERIA--TÉRMINO DE MATERIA
Fuente del encabezamiento o término lemb
Término de materia o nombre geográfico como elemento de entrada Terrorismo
Subdivisión geográfica Países árabes
9 (RLIN) 204786
650 #7 - PUNTO DE ACCESO ADICIONAL DE MATERIA--TÉRMINO DE MATERIA
Fuente del encabezamiento o término lemb
Término de materia o nombre geográfico como elemento de entrada Terrorismo
Subdivisión geográfica América del Sur
9 (RLIN) 204787
650 #7 - PUNTO DE ACCESO ADICIONAL DE MATERIA--TÉRMINO DE MATERIA
Fuente del encabezamiento o término lemb
Término de materia o nombre geográfico como elemento de entrada Terrorismo
Subdivisión general Comunicados de prensa
9 (RLIN) 204788
942 ## - ELEMENTOS DE PUNTO DE ACCESO ADICIONAL (KOHA)
Fuente del sistema de clasificación o colocación Sistema de Clasificación Decimal Dewey
Tipo de ítem Koha Libro (general)
Existencias
Estado de retiro Estado de pérdida Fuente del sistema de clasificación o colocación No para préstamo Código de colección Localización permanente Fecha de adquisición Total de préstamos Signatura topográfica completa Código de barras Fecha visto por última vez Número de copia Precio válido a partir de Tipo de ítem Koha
  Disponible Sistema de Clasificación Decimal Dewey   General Biblioteca Central UNIBE 11/03/2026   303.625 S161p 260242 11/05/2026 Ej. 1 11/05/2026 Libro (general)